00317nam a2200133Ia 4500008004100000020001800041041000800059082002000067100001200087245002800099260003700127300000900164500001000173220803s9999 xx 000 0 und d a9788131600948 aeng a307.120'954 DAS aDas A K aUrban Planning In India aJaipurbRawat Publicationsc2007 a254p aARCHI